000
00295nam a22001337a 4500
020
_a
978-93-94296-14-5
082
_a
823
_b
SAH/M
100
_a
SAHNI
245
_a
STORY BOOK OF MORAL STORIES
260
_a
AGRA
_b
SAHNI SONS
300
_a
16
650
_a
CHILDRENS STORY BOOK
_z
INDIA
942
_c
BK
999
_c
7052
_d
7052